000 00324nam a2200133Ia 4500
008 150201s2003 xx 000 0 und d
082 _a616.07
_bH03S
100 _aSINGH,DR
245 _aHISTOLOGY MICROBILOGY AND PHOTOMICROBIOLOGY
250 _a1ST
260 _bCBS
_aDELHI
_c2003
650 _aMICROBIOLOGY
942 _2ddc
_cBK
999 _c981
_d981